Statistics for Top 100 "C" Baby Boy Names - USA 2022

Click here to take the quiz!

General Stats

  • This quiz has been taken 151 times
  • The average score is 42 of 100

Answer Stats

Answer% Correct
Chris
92%
Cal
88%
Christopher
88%
Cameron
87%
Carl
86%
Charles
85%
Charlie
82%
Christian
80%
Cristian
80%
Carter
79%
Conner
78%
Connor
78%
Conor
78%
Cole
76%
Cade
72%
Cayde
72%
Carlo
70%
Collin
70%
Colt
70%
Caden
69%
Carlos
69%
Cayden
69%
Corey
69%
Cory
69%
Chase
67%
Clay
66%
Cody
66%
Cooper
66%
Carson
65%
Caleb
63%
Colten
63%
Colton
63%
Case
61%
Calvin
58%
Colin
58%
Clayton
57%
Chad
56%
Clark
56%
Camden
51%
Camdyn
51%
Cash
51%
Callum
47%
Calum
47%
Casey
47%
Chance
46%
Curtis
46%
Corbin
38%
Colby
37%
Cain
35%
Chandler
34%
Caisen
33%
Casen
33%
Cason
33%
Caysen
33%
Cayson
33%
Cruz
33%
Clyde
32%
Crew
31%
Crue
31%
Coen
30%
Cohen
30%
Conrad
30%
Cedric
29%
Cyrus
29%
Callen
28%
Casper
27%
Clifford
27%
Cassius
25%
Cullen
24%
Cesar
22%
Cillian
22%
Cristiano
22%
Coleson
21%
Colson
21%
Camilo
20%
Coleman
20%
Caspian
17%
Creed
17%
Cannon
16%
Campbell
15%
Callahan
13%
Carmine
13%
Cashton
13%
Colter
13%
Callan
12%
Cairo
10%
Castiel
10%
Cian
10%
Cormac
10%
Crosby
10%
Carmelo
9%
Chaim
8%
Caius
7%
Canaan
7%
Cedar
7%
Cassian
6%
Canyon
5%
Cartier
5%
Chosen
2%
Cortez
1%

Score Distribution

Percentile by Number Answered

Percent of People with Each Score

Your Score History

You have not taken this quiz